000 01233cam a2200277 4500
001 J115112
008 #DATE n2001 000 0 eng u
035 _a(Sirsi) u115112
041 _aeng
050 _a380.1
_c18
110 _aRoyal Institution of Chartered Surveyors
_bProperty Auctioneering Group
_94157
245 _aGuidance notes for auctioneers proposing to sell real estate at auction in England and Wales
250 _a3rd ed.
260 _aLondon
_bRICS
_c2001
300 _a10p.
_c30cm.
490 _aRICS Guidance Note
520 _aThird edition of this RICS guidance note, adopted by the National Association of Estate Agents (NAEA), considering surveyors' legal responsibilities and offering advice on good practice before, during and after the auction. Includes sections on the auction catalogue and auctions on the Internet.
520 _aSuperseded by fourth edition "Auctioneers selling real estate in England and Wales" (ISBN 1842191810).
650 _aAUCTIONEERS
650 _aAuctioneering
_96218
650 _aNATIONAL ASSOCIATION OF ESTATE AGENTS
650 _aSALE OF PROPERTY
690 _aAuctioneering
_96218
710 _aRoyal Institution of Chartered Surveyors
_94900
942 _n0
999 _c101704
_d101704